Flagi państw Oceanii (Bardzo Trudne +) - Statystyki

Ogólne statystyki
  • Ten quiz został rozwiązany 382 razy
    103 od ostatniego zresetowania
  • Średni wynik to 25 z 31
Statystyki odpowiedzi
Obrazkowy Hint Odpowiedź % Poprawnych
Australia
95%
Kiribati
95%
Nauru
95%
Nowa Zelandia
95%
Palau
95%
Papua-Nowa Gwinea
95%
Indonezja
93%
Stany Zjednoczone
93%
Vanuatu
93%
Fidżi
91%
Mikronezja
91%
Samoa
91%
Tonga
91%
Wyspy Marshalla
91%
Wyspy Salomona
91%
Sala y Gómez Chile
88%
Ogasawara Japonia
88%
Guam
84%
Tuvalu
82%
Nowa Kaledonia
77%
Wyspy Cooka
73%
Niue
70%
Mariany Północne
68%
Polinezja Francuska
66%
Samoa Amerykańskie
66%
Tokelau
64%
Wyspa Wielkanocna
64%
Norfolk
61%
Pitcairn
52%
Wallis i Futuna
48%
Hawaje
43%
Nie znaleziono quizów pasujących do podanych kryteriów
Rozkład punktacji
Procent ludzi z każdym wynikiem
Percentyl według liczby udzielonych odpowiedzi
Twoja historia wyników
Nie rozwiązałeś tego quizu od ostatniego zresetowania